000 00325nam a2200145Ia 4500
999 _c14164
_d14164
003 OSt
005 20260326130611.0
008 260210s9999 xx 000 0 und d
020 _a9781610917278
100 _a Jaime Lerner
245 0 _aUrban Acupuncture
260 _bIsland Press
260 _c2016
942 _cBPLAN
_2ddc